Gérard Mauger, L’émeute de novembre 2005, une révolte protopolitique, Ed. du Croquant, 2006, 158 p., 13€50 (notice n° 1641476)
[ vue normale ]
| 000 -LEADER | |
|---|---|
| fixed length control field | 00661cam a2200157 4500500 |
| 005 - DATE AND TIME OF LATEST TRANSACTION | |
| control field | 20260201111845.0 |
| 041 ## - LANGUAGE CODE | |
| Language code of text/sound track or separate title | fre |
| 042 ## - AUTHENTICATION CODE | |
| Authentication code | dc |
| 100 10 - MAIN ENTRY--PERSONAL NAME | |
| Personal name | Heriard Dubreuil, Bertrand |
| Relator term | author |
| 245 00 - TITLE STATEMENT | |
| Title | Gérard Mauger, L’émeute de novembre 2005, une révolte protopolitique, Ed. du Croquant, 2006, 158 p., 13€50 |
| 260 ## - PUBLICATION, DISTRIBUTION, ETC. | |
| Date of publication, distribution, etc. | 2007.<br/> |
| 500 ## - GENERAL NOTE | |
| General note | 25 |
| 520 ## - SUMMARY, ETC. | |
| Summary, etc. | Resumé Rapport sur l’économie du changement climatique www.hm-treasury.gov.uk, et Cambridge University press |
| 786 0# - DATA SOURCE ENTRY | |
| Note | Revue Projet | 297 | 2 | 2007-05-02 | p. 93i-93i | 0033-0884 |
| 856 41 - ELECTRONIC LOCATION AND ACCESS | |
| Uniform Resource Identifier | <a href="https://shs.cairn.info/revue-projet-2007-2-page-93i?lang=fr&redirect-ssocas=7080">https://shs.cairn.info/revue-projet-2007-2-page-93i?lang=fr&redirect-ssocas=7080</a> |
Pas d'exemplaire disponible.




Réseaux sociaux